<?xml version="1.0" encoding="UTF-8"?><?xml-stylesheet type="text/xsl" href="static/style.xsl"?><OAI-PMH xmlns="http://www.openarchives.org/OAI/2.0/" xmlns:xsi="http://www.w3.org/2001/XMLSchema-instance" xsi:schemaLocation="http://www.openarchives.org/OAI/2.0/ http://www.openarchives.org/OAI/2.0/OAI-PMH.xsd"><responseDate>2026-04-17T17:03:01Z</responseDate><request verb="GetRecord" identifier="oai:www.recercat.cat:2072/465983" metadataPrefix="marc">https://recercat.cat/oai/request</request><GetRecord><record><header><identifier>oai:recercat.cat:2072/465983</identifier><datestamp>2025-10-13T10:05:37Z</datestamp><setSpec>com_2072_98</setSpec><setSpec>col_2072_378192</setSpec></header><metadata><record xmlns="http://www.loc.gov/MARC21/slim" xmlns:dcterms="http://purl.org/dc/terms/" xmlns:xsi="http://www.w3.org/2001/XMLSchema-instance" xmlns:doc="http://www.lyncode.com/xoai" xsi:schemaLocation="http://www.loc.gov/MARC21/slim http://www.loc.gov/standards/marcxml/schema/MARC21slim.xsd">
   <leader>00925njm 22002777a 4500</leader>
   <datafield ind2=" " ind1=" " tag="042">
      <subfield code="a">dc</subfield>
   </datafield>
   <datafield ind2=" " ind1=" " tag="720">
      <subfield code="a">Álvarez Velasco, Rodrigo</subfield>
      <subfield code="e">author</subfield>
   </datafield>
   <datafield ind2=" " ind1=" " tag="720">
      <subfield code="a">Dols Icardo, Oriol</subfield>
      <subfield code="e">author</subfield>
   </datafield>
   <datafield ind2=" " ind1=" " tag="720">
      <subfield code="a">El Bounasri, Shaima</subfield>
      <subfield code="e">author</subfield>
   </datafield>
   <datafield ind2=" " ind1=" " tag="720">
      <subfield code="a">López Vilaró, Laura</subfield>
      <subfield code="e">author</subfield>
   </datafield>
   <datafield ind2=" " ind1=" " tag="720">
      <subfield code="a">Trujillo, Juan Carlos</subfield>
      <subfield code="e">author</subfield>
   </datafield>
   <datafield ind2=" " ind1=" " tag="720">
      <subfield code="a">Reyes-Leiva, David</subfield>
      <subfield code="e">author</subfield>
   </datafield>
   <datafield ind2=" " ind1=" " tag="720">
      <subfield code="a">Suarez-Calvet, Xavier</subfield>
      <subfield code="e">author</subfield>
   </datafield>
   <datafield ind2=" " ind1=" " tag="720">
      <subfield code="a">Cortés-Vicente, Elena</subfield>
      <subfield code="e">author</subfield>
   </datafield>
   <datafield ind2=" " ind1=" " tag="720">
      <subfield code="a">Illa, Isabel</subfield>
      <subfield code="e">author</subfield>
   </datafield>
   <datafield ind2=" " ind1=" " tag="720">
      <subfield code="a">Gallardo, Eduard</subfield>
      <subfield code="e">author</subfield>
   </datafield>
   <datafield ind2=" " ind1=" " tag="260">
      <subfield code="c">2023</subfield>
   </datafield>
   <datafield ind2=" " ind1=" " tag="520">
      <subfield code="a">Myasthenia gravis (MG) is an autoimmune disease associated with comorbid thymoma in 10%-15% of cases. Cytotoxic T lymphocyte-associated antigen 4 (CTLA4) expressed by T cells downregulates T-cell-mediated immune response. Polymorphisms in the CTLA4 gene have been associated with the development of MG. In this context, we aimed to determine whether CTLA4 expression in the thymoma differs between patients with and without MG and whether CTLA4 gene polymorphisms are associated with these differences. This is a retrospective study of all patients, with and without MG, surgically treated at our institution for thymoma between January 2010 and December 2020. Ten samples were obtained from normal thymuses as controls. The number of CTLA4-positive cells in paraffin-embedded thymoma samples was determined by immunohistochemistry. The presence of follicular-center and regulatory T-cell lymphocytes was determined by immunohistochemistry (B-cell lymphoma [BCL]-6 expression) and double immunofluorescence-based staining of CD4-FOXP3, respectively. We evaluated the association between thymic expression of CTLA4 and the development of MG. We also determined the association between CTLA4 expression and various clinical and prognostic characteristics of MG. We sequenced the CTLA4 gene and evaluated possible associations between CTLA4 polymorphisms and thymic CTLA4 expression. Finally, we assessed the potential association between these polymorphisms and the risk of MG. Forty-one patients with thymoma were included. Of them, 23 had comorbid MG (56.1%). On average, patients with MG had fewer CTLA4-positive cells in the thymoma than non-MG patients: 69.3 cells/mm 2 (95% CIs: 39.6-99.1) vs 674.4 (276.0-1,024.0) cells/mm 2 ; p = 0.001 and vs controls (200.74 [57.9-343.6] cells/mm 2 ; p = 0.02). No between-group differences (MG vs non-MG) were observed in the number of cells positive for BCL6 or CD4-FOXP3. CTLA4 expression was not associated with differences in MG outcome or treatment refractoriness. Two polymorphisms were detected in the CTLA4 gene, rs231770 (n = 30 patients) and rs231775 (n = 17). MG was present in a similar proportion of patients for all genotypes. However, a nonsignificant trend toward a lower CTLA4-positive cell count was observed among carriers of the rs231775 polymorphism vs noncarriers: 77.9 cells/mm 2 (95% CI: -51.5 to 207.5) vs 343.3 cells/mm 2 (95% CI: 126.2-560.4). Reduced CTLA4 expression in thymoma may predispose to a higher risk of developing MG.</subfield>
   </datafield>
   <datafield tag="653" ind2=" " ind1=" ">
      <subfield code="a">CTLA-4 Antigen</subfield>
   </datafield>
   <datafield tag="653" ind2=" " ind1=" ">
      <subfield code="a">Forkhead Transcription Factors</subfield>
   </datafield>
   <datafield tag="653" ind2=" " ind1=" ">
      <subfield code="a">Myasthenia Gravis</subfield>
   </datafield>
   <datafield tag="653" ind2=" " ind1=" ">
      <subfield code="a">Probability</subfield>
   </datafield>
   <datafield tag="653" ind2=" " ind1=" ">
      <subfield code="a">Retrospective Studies</subfield>
   </datafield>
   <datafield tag="653" ind2=" " ind1=" ">
      <subfield code="a">Thymoma</subfield>
   </datafield>
   <datafield tag="653" ind2=" " ind1=" ">
      <subfield code="a">Thymus Neoplasms</subfield>
   </datafield>
   <datafield ind2="0" ind1="0" tag="245">
      <subfield code="a">Reduced Number of Thymoma CTLA4-Positive Cells Is Associated With a Higher Probability of Developing Myasthenia Gravis</subfield>
   </datafield>
</record></metadata></record></GetRecord></OAI-PMH>